000 00465cam a22001337a 4500
008 180718b1959 xxu||||| |||| 00| 0 eng d
082 _aPx54 In2w
245 _aReport of the national committee on women's education, May 1958 to January 1959
_cby Ministry of Education, India
260 _aDelhi
_bManager of Publications
_c1959
300 _aix, 335p
440 _aPublication No. 408
650 _aWomen --Education --India
700 _aIndia. Ministry of Education
999 _c500693
_d500693